000 00199 a2200097 4500
020 _a9781575651613
041 _aspa
100 _aWilliams Aber, Linda
245 _aCarrie esta a la altura
942 _cBK
999 _c1043
_d1043